|
|
|
|
| LEADER |
00970nam a2200253 a 4500 |
| 001 |
29325 |
| 003 |
BD-DhAAL |
| 005 |
20150602100057.0 |
| 008 |
150602s2011 ctu b 000 0 eng |
| 010 |
|
|
|a 2011041889
|
| 020 |
|
|
|a 9780300170351 (cl : alk. paper)
|
| 040 |
|
|
|a DLC
|c DLC
|d DLC
|d BD-DhAAL
|
| 050 |
0 |
0 |
|a BL1510
|b .S55 2011
|
| 082 |
0 |
0 |
|a 295
|2 23
|
| 245 |
1 |
4 |
|a The spirit of Zoroastrianism /
|c Introduction, translated and edited by Prods Oktor Skjærvø.
|
| 260 |
|
|
|a New Haven :
|b Yale University Press,
|c c2011.
|
| 300 |
|
|
|a xii, 270 p. ;
|c 22 cm.
|
| 504 |
|
|
|a Includes bibliographical references (p. [259]-260).
|
| 541 |
|
|
|e 29325
|
| 650 |
|
0 |
|a Zoroastrianism
|v Sacred books.
|9 11569
|
| 700 |
1 |
|
|a Skjærvø, Prods Oktor
|9 11570
|
| 942 |
|
|
|2 ddc
|c BK
|
| 999 |
|
|
|c 34577
|d 34577
|
| 952 |
|
|
|0 0
|1 0
|2 ddc
|4 0
|6 295_000000000000000_SPI
|7 0
|9 53996
|a BRACUL
|b BRACUL
|c GEN
|d 2015-06-02
|e Karim International
|g 1320.00
|l 2
|m 22
|o 295 SPI
|p 3010029325
|r 2023-02-15
|s 2022-11-21
|t 1
|w 2015-06-02
|y BK
|